00214 a2200097 450000100060000008200140000610000180002024500410003825000060007926000310008539675 a515.15ANT aAnton Howard aCalculus with analytic Geometry, 5/e a5 aNew YorkbJohn Wileyc1995